| 000 | 01390nac a22002891u 4500 | ||
|---|---|---|---|
| 010 | _a 2005047031 | ||
| 020 | _a0471661775 | ||
| 035 | _a(OCoLC)ocm58832353 | ||
| 082 | 0 | 0 |
_a621.815 _bJUV |
| 090 |
_c8606 _d8606 |
||
| 100 | _aJuvinall, Robert C. | ||
| 245 | 1 | 0 |
_aFundamentals of machine component design / _cRobert C. Juvinall, Kurt M. Marshek. |
| 250 | _a4th ed. | ||
| 260 |
_aHoboken, NJ : _bJohn Wiley & Sons,c2006. _cc2006. |
||
| 300 |
_axvi, 832 p. : _bill. ; _c27 cm. |
||
| 500 | _aDistributer: Al-Ahram. | ||
| 504 | _aIncludes bibliographical references and index. | ||
| 511 | _aCatalogued By: Mahitab. | ||
| 650 | 0 | _aMachine design. | |
| 700 | 1 | _aMarshek, Kurt M. | |
| 856 | 4 | 2 |
_3Publisher description _uhttp://www.loc.gov/catdir/enhancements/fy0624/2005047031-d.html |
| 856 | 4 | 2 |
_3Table of contents only _uhttp://www.loc.gov/catdir/enhancements/fy0624/2005047031-t.html |
| 942 |
_cTB _k621.815JUV |
||
| 999 |
_c8606 _d8606 |
||